01877nam a2200433Ic 450000100060000000300100000600500170001600700030003300800410003602000180007704000350009504100130013008200200014310000590016324502390022225000450046126400520050630000240055833600270058233700330060933800280064249000380067050400640070853400520077254500550082465000490087965000530092865000280098165000590100965000380106865000320110670000370113870000360117570000410121170000310125294200120128399900170129595201310131258395CO-BoRNBP20250822140923.0ta210817r20112014mx er 000 0 spa d a9786071606464 aCO-BoRNBPbspaerdacCO-BoRNBP1 aspaaeng04a291.1bF71r222 aFrazer, James George, Sir,d1854-1941cSireaut96307913aLa rama dorada :bmagia y religión /cSir James George Frazer ; edición, introducción y notas Robert Fraser ; traducción de Elizabeth y Tadeo I. Campuzano ; traducción de textos de la nueva edición Óscar Figueroa Castro. aTercera ediciónbTercera reimpresión 1aMéxico :bFondo de Cultura Económica,c2019 axlix, 645 páginas atextobtxt2rdacontent asin mediaciónbn2rdamedia avolumenbnc2rdacarrier0 aSección obras de antropología aIncluye referencias bibliográficas e índice analítico tThe golden bough: a study in magic and religion aIncluye datos biográficos del autor en la solapa07aAntropología de la religión2LEMB96308007aCivilización occidentalxHistoria2lemb96308107aMitología2lemb9432407aNaturaleza (En religión, folclor, etc.)2lemb96308207aReligión primitiva2lemb92627407aSupersticiones2LEMB963083 aCampuzano, Elizabethetrl963084 aCampuzano, Tadeo I.etrl963085 aFigueroa Castro, Óscaretrl963086 aFraser, Roberteedt963087 2ddccBK c58395d58395 00102ddc40708GENaMEMAPJGAbMEMAPJGAcGENd2025-08-22l0o291.1 F71rpMPJG00578r2025-08-22 14:10:02tEj.1w2025-08-22yBK